Lineárna diferenciálna rovnica tretieho rádu

Saved in:
Bibliographic Details
Main Author: Greguš, Michal
Format: Book
Language:Slovak
Published: Bratislava Veda 1981
Tags: Add Tag
No Tags, Be the first to tag this record!

MARC

LEADER 00000nam a2200000 4500
001 c141207
005 20041019155321.2
041 0 |a slo 
044 |a SK 
245 1 0 |a Lineárna diferenciálna rovnica tretieho rádu  |c Michal Greguš 
264 1 |a Bratislava  |b Veda  |c 1981 
300 |a 205 s. 
100 1 |a Greguš, Michal